| 000 | 00783cam a22002291 4500 | ||
|---|---|---|---|
| 001 | 13610878 | ||
| 008 | 040601t19691968nyu 001 0 eng | ||
| 010 | _a 69128900 | ||
| 040 |
_aDLC _cCUZ _dCUZ _beng _erda |
||
| 050 | 0 | 0 |
_aJA76 _bARO |
| 100 | 1 |
_aAron, Raymond, _d1905-1983. |
|
| 245 | 1 | 0 |
_aDemocracy and totalitarianism. _cTranslated by Valence Ionescu. |
| 264 |
_aNew York: _bPraeger _c[1969, c1968] |
||
| 300 |
_axiv, 262 papers. _c23 cm. |
||
| 336 |
_atext _btxt |
||
| 337 |
_aunmediated _bn |
||
| 338 | _2rdacarrier | ||
| 500 | _aTranslation of Démocratie et totalitarisme which was first published under title: Sociologie des sociétés industrielles. | ||
| 650 | 0 | _aPolitical sociology. | |
| 650 | 0 | _aTotalitarianism. | |
| 942 | _cOS | ||
| 999 |
_c44703 _d44703 |
||